| 000 | 00351nam a2200145Ia 4500 | ||
|---|---|---|---|
| 008 | 230917s9999||||xx |||||||||||||| ||und|| | ||
| 040 |
_e106294 _aMAIN |
||
| 041 | _aEnglish | ||
| 082 | _a005.73 S63A | ||
| 100 | _aSmith, Peter | ||
| 245 | 0 | _aApplied data structures with C++ | |
| 260 |
_aNew Delhi _bNarosa _c2004 |
||
| 300 | _a692 p. | ||
| 942 | _cBK | ||
| 999 |
_c123510 _d123510 |
||